Answers Contain "Devil" - Statistics

General Stats
  • This quiz has been taken 117 times
    20 since last reset
  • The average score is 13 of 22
Answer Stats
Hint Answer % Correct
2006 Meryl Streep film about the fashion industry The Devil Wears Prada
95%
Often contains mayonnaise, mustard, and paprika deviled egg
85%
1998 Kid Rock album with "Bawitdaba" and "Cowboy" Devil Without a {Cause}
85%
1852–1952: French South American penal colony Devil's Island
80%
1954: Debut of this Looney Tunes character who spins Tasmanian Devil
80%
Hyphenated adjective: cheerful and reckless devil-may-care
75%
1979 song by the Charlie Daniels band The Devil Went Down to Georgia
75%
1968 Rolling Stones song Sympathy for the Devil
70%
1922: First use of this name for Duke University teams Blue Devils
65%
1964: First appearance of this Marvel character Daredevil
65%
A rich chocolate baked dessert devil's food cake
65%
A strong, well-formed, and relatively short-lived whirlwind dust devil
65%
1974: Founding of this NHL team New Jersey Devils
60%
1977: This Wyoming landmark is featured in Close Encounters Devils Tower
55%
1997 film with Keanu Reeves and Al Pacino The Devil's Advocate
55%
1963 single by Elvis Presley (You're the) Devil in Disguise
55%
1988 INXS single Devil Inside
50%
1978 Van Halen song from their debut album Runnin' with the Devil
45%
1996 Beck single from Odelay Devils Haircut
35%
1983 song and album by Mötley Crüe Shout at the Devil
30%
2001: The debut of this Japanese game franchise by Capcom Devil May Cry
25%
2021: The third movie in the Conjuring franchise The Conjuring: The Devil Made Me Do It
15%
No matching quizzes found
Score Distribution
Percent of People with Each Score
Percentile by Number Answered
Your Score History
You have not taken this quiz since the last reset